cases on fattening pig disease in van kimsn farm at touch village; chhuk district; kampot province ករណីជំងឺជ្រូកសាច់ក្នុងវគ្គលូតលាស់ដល់ពិឃាជនៅកសិដ្ឋាន វណ្ណ​ គីមសាន ភូមិតូច ស្រុកឈូក ខេត្តកំពក (Record no. 18900)

000 -LEADER
fixed length control field 00743nam a22001337a 4500
040 ## - CATALOGING SOURCE
Transcribing agency RUA
082 ## - DEWEY DECIMAL CLASSIFICATION NUMBER
Classification number AVM HIA 2018 B658 Or.1
100 ## - MAIN ENTRY--AUTHOR NAME
Personal name HIAK LISY ហៀក ​លីស៊ី
245 ## - TITLE STATEMENT
Title cases on fattening pig disease in van kimsn farm at touch village; chhuk district; kampot province ករណីជំងឺជ្រូកសាច់ក្នុងវគ្គលូតលាស់ដល់ពិឃាជនៅកសិដ្ឋាន វណ្ណ​ គីមសាន ភូមិតូច ស្រុកឈូក ខេត្តកំពក
260 ## - PUBLICATION, DISTRIBUTION, ETC. (IMPRINT)
Place of publication rua
Name of publisher phnom penh
Year of publication 2018
300 ## - PHYSICAL DESCRIPTION
Number of Pages x;38p
Other physical details ill;
Dimensions 29cm
856 ## - ELECTRONIC LOCATION AND ACCESS
Uniform Resource Identifier https://drive.google.com/file/d/1G2rECyrndzj572EH5rqavIL626Zvqeax/view?usp=sharing
942 ## - ADDED ENTRY ELEMENTS (KOHA)
Koha item type AVM
952 ## - LOCATION AND ITEM INFORMATION (KOHA)
Withdrawn status [LOCAL, KOHA] 0
952 ## - LOCATION AND ITEM INFORMATION (KOHA)
Withdrawn status [LOCAL, KOHA] 0
952 ## - LOCATION AND ITEM INFORMATION (KOHA)
Withdrawn status [LOCAL, KOHA] 0
952 ## - LOCATION AND ITEM INFORMATION (KOHA)
Withdrawn status [LOCAL, KOHA] 0
952 ## - LOCATION AND ITEM INFORMATION (KOHA)
Withdrawn status [LOCAL, KOHA] 0
952 ## - LOCATION AND ITEM INFORMATION (KOHA)
Withdrawn status [LOCAL, KOHA] 0
Holdings
Permanent Location Date acquired Koha item type Lost status Shelving location Barcode Current Location Full call number
Library Block B2020-02-07AVM B658A42814Library Block BAVM HIA 2018 B658 Or.
Library Block B2020-02-07AVM B658A43494Library Block BAVM HIA 2018 B658 Or.
Library Block B2020-02-07AVM B658A43824Library Block BAVM HIA 2018 B658 Or.
Library Block B2020-02-07AVM B658A43451Library Block BAVM HIA 2018 B658 Or.
Library Block B2020-02-07AVM B658A43236Library Block BAVM HIA 2018 B658 Or.
Library Block B2020-02-07AVM B658A43376Library Block BAVM HIA 2018 B658 Or.
មជ្ឈមណ្ឌលឯការនៃសាកលវិទ្យាល័យភូមិន្ទកសិកម្មចំការដូង

Powered by Koha